000 00859cam a22002172 4500
001 0000025164
005 20151217161600.0
008 150206s xx 000 0 eng d
040 _aKABU
_cKABU
100 1 _aNyamu, Michael Mundia.
_@0000185612
245 1 0 _aFactors influencing adoption of information communication technology among small and medium enterprises in Nairobi county (Kenya) /
_cMichael Mundia Nyamu.
250 _a 1st ed.
260 _akenya :
_bKabarak University,
_c2014.
300 _a xvii,198 p. :
_bill.
650 0 _acustomer services
_xtechnological innovations
_xmanagement.
_zKenya.
_@0000185613
650 0 _aInformation technology
_xAdoption
_zKenya.
_@0000185614
650 0 _aSmall and medium enterprises
_zKenya.
_@0000185615
908 _a150206
950 _@1
999 _c15442
_d15442